000 00508nab a2200145Ia 4500
003 ES-SlBCS
005 20210601124313.0
008 140529s1984 xxu||||| |||| 00| 0 eng d
041 _aeng
100 1 _aBull, Barry L.
_9139443
245 0 0 _aLiberty and the New Localism: Toward an Evaluation of the Trade-Off Between Educational Equity and Local Control of School
_c Barry L. Bull
650 0 4 _aEducación
_986687
773 0 _tEducational Theory
_gvol. 34, nº. 1, 1984, págs. 75-94
_wRev1399
942 _cAR
999 _c512611
_d512611